Normal view
MARC view
Entry Uniform Title
001 - CONTROL NUMBER
- control field: 25339
003 - CONTROL NUMBER IDENTIFIER
- control field: dpl
005 - DATE AND TIME OF LATEST TRANSACTION
- control field: 20110117154423.0
008 - FIXED-LENGTH DATA ELEMENTS
- fixed length control field: 110117|||a|||||| | ||| d
040 ## - CATALOGING SOURCE
- Original cataloging agency: dpl
- Transcribing agency: dpl
130 ## - HEADING--UNIFORM TITLE
- Uniform title: सशस्त्र क्रान्ति के महानायक
670 ## - SOURCE DATA FOUND
- Source citation: Work cat.: (dpl)49031: 24598 लीलाधर 'वियोगी', चन्द्रशेखर आज़ादः, 2010
670 ## - SOURCE DATA FOUND
- Source citation: Work cat.: (dpl)49031: 24598 लीलाधर 'वियोगी', चन्द्रशेखर आज़ादः, 2010
